<?xml version="1.0" encoding="UTF-8"?>
<record
    xmlns:xsi="http://www.w3.org/2001/XMLSchema-instance"
    xsi:schemaLocation="http://www.loc.gov/MARC21/slim http://www.loc.gov/standards/marcxml/schema/MARC21slim.xsd"
    xmlns="http://www.loc.gov/MARC21/slim">

  <leader>00844nam a2200241 i 4500</leader>
  <controlfield tag="001">180945</controlfield>
  <controlfield tag="003">ES-MaACL</controlfield>
  <controlfield tag="005">20251116063114.0</controlfield>
  <controlfield tag="008">120831q19501959sp           |||| | spa d</controlfield>
  <datafield tag="080" ind1=" " ind2=" ">
    <subfield code="a">728.82(443.62 V.)(091)</subfield>
  </datafield>
  <datafield tag="100" ind1="1" ind2=" ">
    <subfield code="a">Mart&#xED;n Quiroga, J., </subfield>
    <subfield code="9">151397</subfield>
  </datafield>
  <datafield tag="245" ind1="1" ind2="0">
    <subfield code="a">Versalles / </subfield>
    <subfield code="c">J. Mart&#xED;n ; portada de Coll ; ilustraciones de Chacopino.</subfield>
  </datafield>
  <datafield tag="260" ind1=" " ind2=" ">
    <subfield code="a">Barcelona : </subfield>
    <subfield code="b">Ediciones G. P., </subfield>
    <subfield code="c">[195-]</subfield>
  </datafield>
  <datafield tag="300" ind1=" " ind2=" ">
    <subfield code="a">64 p. : </subfield>
    <subfield code="b">il. ; </subfield>
    <subfield code="c">11 cm.</subfield>
  </datafield>
  <datafield tag="490" ind1="1" ind2=" ">
    <subfield code="a">Enciclopedia Pulga ; </subfield>
    <subfield code="v">28</subfield>
  </datafield>
  <datafield tag="610" ind1="2" ind2="4">
    <subfield code="a">Ch&#xE2;teau de Versailles-</subfield>
    <subfield code="v">Historia.</subfield>
    <subfield code="9">151395</subfield>
  </datafield>
  <datafield tag="651" ind1=" " ind2="4">
    <subfield code="a">Versalles-</subfield>
    <subfield code="x">Edificios, estructuras, etc.-</subfield>
    <subfield code="v">Historia.</subfield>
    <subfield code="9">151396</subfield>
  </datafield>
  <datafield tag="700" ind1="0" ind2=" ">
    <subfield code="a">Coll, Alejandro.</subfield>
    <subfield code="9">39607</subfield>
  </datafield>
  <datafield tag="700" ind1="1" ind2=" ">
    <subfield code="a">Chacopino Fabre, Joaqu&#xED;n.</subfield>
    <subfield code="9">150736</subfield>
  </datafield>
  <datafield tag="830" ind1="0" ind2=" ">
    <subfield code="a">Enciclopedia Pulga ; </subfield>
    <subfield code="v">28</subfield>
    <subfield code="9">191296</subfield>
  </datafield>
  <datafield tag="852" ind1=" " ind2=" ">
    <subfield code="a">ES-MaACL</subfield>
    <subfield code="j">2311-F-33</subfield>
  </datafield>
  <datafield tag="999" ind1=" " ind2=" ">
    <subfield code="c">180945</subfield>
    <subfield code="d">180945</subfield>
  </datafield>
  <datafield tag="952" ind1=" " ind2=" ">
    <subfield code="0">0</subfield>
    <subfield code="1">0</subfield>
    <subfield code="4">0</subfield>
    <subfield code="7">0</subfield>
    <subfield code="8">Colecci&#xF3;n_de_folletos</subfield>
    <subfield code="a">ATENEOM</subfield>
    <subfield code="b">ATENEOM</subfield>
    <subfield code="c">DEPOF</subfield>
    <subfield code="d">2012-08-31</subfield>
    <subfield code="e">DON</subfield>
    <subfield code="l">0</subfield>
    <subfield code="o">2311-F-33</subfield>
    <subfield code="p">1190142</subfield>
    <subfield code="r">2023-02-23 00:00:00</subfield>
    <subfield code="w">2023-02-23</subfield>
    <subfield code="y">FOLLETOS</subfield>
  </datafield>
</record>
